Glass from Antiquity to the Renaissance (Record no. 4889)

MARC details
000 -CABECERA
campo de control de longitud fija 00862nam a2200265 a 4500
001 - NÚMERO DE CONTROL
campo de control BRCA_5195
005 - FECHA Y HORA DE LA ÚLTIMA TRANSACCIÓN
campo de control 20190320204959.0
008 - DATOS DE LONGITUD FIJA--INFORMACIÓN GENERAL
campo de control de longitud fija 720202s1970 it-ab#####---#000-0#eng-#
020 ## - NÚMERO INTERNACIONAL ESTÁNDAR DEL LIBRO
Número Internacional Estándar del Libro 600338083
041 ## - CÓDIGO DE LENGUA
Código de lengua del texto/banda sonora o título independiente eng
044 ## - CÓDIGO DEL PAÍS DE LA ENTIDAD EDITORA/PRODUCTORA
Código MARC del país it
050 #4 - SIGNATURA TOPOGRÁFICA DE LA BIBLIOTECA DEL CONGRESO
Número de clasificación NK5106
Número de documento/Ítem .M37 1970
100 1# - ENTRADA PRINCIPAL--NOMBRE DE PERSONA
Nombre de persona Mariacher, Giovanni
9 (RLIN) 13302
245 10 - MENCIÓN DE TÍTULO
Título Glass from Antiquity to the Renaissance
Mención de responsabilidad, etc. Giovanni Mariacher ; translated by Michael Cunningham.
260 ## - PUBLICACIÓN, DISTRIBUCIÓN, ETC.
Lugar de publicación, distribución, etc. Italia
Nombre del editor, distribuidor, etc. Hamlyn
Fecha de publicación, distribución, etc. 1970
300 ## - DESCRIPCIÓN FÍSICA
Extensión 157 p.
Otras características físicas il. a color, mapas
Dimensiones 20 cm.
440 #0 - MENCIÓN DE SERIE/PUNTO DE ACCESO ADICIONAL--TÍTULO
Título Cameo
9 (RLIN) 13303
500 ## - NOTA GENERAL
Nota general Incluye lista de ilustraciones
500 ## - NOTA GENERAL
Nota general Traducción de: L´arte del vetro Dall´ antichità al Rinascimento
500 ## - NOTA GENERAL
Nota general Donación Dr. Héctor Rivero Borrell Vázquez
650 14 - PUNTO DE ACCESO ADICIONAL DE MATERIA--TÉRMINO DE MATERIA
Término de materia o nombre geográfico como elemento de entrada Cristalería
Subdivisión general Historia
9 (RLIN) 686
700 1# - PUNTO DE ACCESO ADICIONAL--NOMBRE DE PERSONA
Nombre de persona Cunningham, Michael
Término indicativo de función/relación Traductor
9 (RLIN) 13304
902 ## - CATALOGADOR
Iniciales DHR
942 ## - ELEMENTOS DE PUNTO DE ACCESO ADICIONAL (KOHA)
Fuente del sistema de clasificación o colocación Library of Congress Classification
Tipo de ítem Koha Libros
Holdings
Estado de retiro Estado de pérdida Estado dañado No para préstamo Localización permanente Ubicación/localización actual Fecha de adquisición Total de préstamos Signatura topográfica completa Código de barras Fecha visto por última vez Precio válido a partir de Tipo de ítem Koha
El ejemplar forma parte de la colección y puede ser consultado según las políticas vigentes.       Biblioteca del Museo Franz Mayer (Rogerio Casas-Alatriste) Biblioteca del Museo Franz Mayer (Rogerio Casas-Alatriste) 25/11/2010   NK5106 .M37 1970 DHR00011 22/03/2019 22/03/2019 Libros